00327nam a2200109Ia 4500008004100000082001700041100001300058245002600071942000600097952009900103999001500202240331s9999 xx 000 0 und d a302.234bMAR aSriram,V 0aMarapai meeria cinema cL 001040708LaWERCLbWERCLcSSCd2024-03-31l0o 302.234 MARp1200r2024-03-31w2024-03-31yL c1183d1183